| 000 | 00905cab a2200217 4500 | ||
|---|---|---|---|
| 001 | ABS44027 | ||
| 008 | 090401t1991 xxu||||| |||| 00| 0 eng d | ||
| 035 | _a(Sirsi) u44889 | ||
| 041 | _aeng | ||
| 100 | _aMorris, R. | ||
| 245 | _aLivestock markets face decade of change | ||
| 260 | _c1991 | ||
| 350 | _a0 | ||
| 490 |
_aEstates Gazette _v(9102) 19 January 1991, 132-133(2) |
||
| 520 | _aThe livestock auction sector is undergoing a period of dramatic change with many small markets closing down and trade increasingly being carried out in large, purpose-built `agri-business` centres. This article identifies five principle factors which have influenced this trend and also looks at the impact of electronic auction systems and EC reform of farm subsidies on the industry. | ||
| 650 | _aCATTLE | ||
| 650 | _aLIVESTOCK MARKETS | ||
| 690 | _aRURAL PRACTICE | ||
| 942 | _n0 | ||
| 948 | _c04/03/1997 | ||
| 999 |
_c28527 _d28527 |
||